LIBRARY & INFORMATION CENTRE, KCAET, TAVANUR

ONLINE PUBLIC ACCESS CATALOGUE (OPAC)

Space flight: Principles of guided missile design / (Record no. 7527)

MARC details
000 -LEADER
fixed length control field 00418cam a2200157ua 4500
041 ## - LANGUAGE CODE
Language code of text/sound track or separate title eng
082 ## - DEWEY DECIMAL CLASSIFICATION NUMBER
Classification number 533.62
Item number EHP/SP
100 ## - MAIN ENTRY--AUTHOR NAME
Personal name Ehricke, Krafft A .
245 ## - TITLE STATEMENT
Title Space flight: Principles of guided missile design /
250 ## - EDITION STATEMENT
Edition statement 1 /
260 ## - PUBLICATION, DISTRIBUTION, ETC. (IMPRINT)
Place of publication Toronto :
Name of publisher D Van nostrand co ,
Year of publication 1962.
300 ## - PHYSICAL DESCRIPTION
Number of Pages 1210 ; .
942 ## - ADDED ENTRY ELEMENTS (KOHA)
Koha item type Books
Holdings
Withdrawn status Lost status Damaged status Home library Current library Date acquired Full call number Accession Number Koha item type
      KAUAET KAUAET 07/04/2012 533.62 EHR/SP 4049 Books
free website counter